000 00455nam a22001697a 4500
003 NUST - PNEC
005 20170116180922.0
008 150904b xxu||||| |||| 00| 0 eng d
020 _a0070932875
040 _cLIBRARY
082 _a604.2621381 LOW
100 _97813
_a Lowe, James Fred
245 _aElectrical and electronic drawing, 2
_c, James Fred Lowe
260 _cC.1976
650 _97816
_aElectrical drafting
_xEE ,EL
942 _2ddc
_cBK
999 _c65641
_d65641